000 00330nam a2200121Ia 4500
005 20251222141954.0
008 251222s9999||||xx |||||||||||||| ||spa||
020 _a84-7434-654-1
082 _a658.047/M61
245 0 _aDirección y Administración de Cooperativas
264 _bOrganización Internacional del Trabajo
942 _cLIB
999 _c9799
_d9799